[Event "World Team Chess Championship"]
[Site "Khanty-Mansiysk, RUS."]
[Date "2017.06.17"]
[Round "1.16"]
[White "Fedoseev Vladimir (RUS)"]
[Black "Farahat Ali (EGY)"]
[Result "1-0"]
[BlackElo "2402"]
[WhiteElo "2690"]
[LiveChessVersion "1.4.8"]

1. d4 {[%clk 1:30:57]} Nf6 {[%clk 1:30:38]} 2. c4 {[%clk 1:31:10]} e6
{[%clk 1:29:25]} 3. Nc3 {[%clk 1:31:24]} Bb4 {[%clk 1:29:10]} 4. e3
{[%clk 1:31:40]} O-O {[%clk 1:27:16]} 5. Nge2 {[%clk 1:31:40]} d5
{[%clk 1:27:11]} 6. a3 {[%clk 1:31:54]} Bd6 {[%clk 1:27:22]} 7. Ng3
{[%clk 1:29:23]} b6 {[%clk 1:26:46]} 8. Be2 {[%clk 1:21:43]} Ba6 {[%clk 1:26:40]}
9. cxd5 {[%clk 1:16:20]} Bxe2 {[%clk 1:26:58]} 10. Qxe2 {[%clk 1:16:43]} exd5
{[%clk 1:23:19]} 11. Nf5 {[%clk 1:16:47]} Re8 {[%clk 1:23:33]} 12. Nxd6
{[%clk 1:13:09]} Qxd6 {[%clk 1:23:04]} 13. O-O {[%clk 1:13:15]} c6
{[%clk 1:13:47]} 14. Bd2 {[%clk 1:12:40]} Nbd7 {[%clk 1:13:47]} 15. f3
{[%clk 1:10:58]} Nf8 {[%clk 1:07:21]} 16. Be1 {[%clk 1:07:04]} Re6
{[%clk 1:00:40]} 17. Bf2 {[%clk 1:04:17]} Rae8 {[%clk 0:57:46]} 18. Qd3
{[%clk 1:01:18]} Ng6 {[%clk 0:53:32]} 19. Rac1 {[%clk 1:01:39]} h5
{[%clk 0:51:46]} 20. Rfe1 {[%clk 0:57:43]} h4 {[%clk 0:41:37]} 21. Qf5
{[%clk 0:55:46]} c5 {[%clk 0:36:01]} 22. Rcd1 {[%clk 0:55:15]} Qc6
{[%clk 0:30:25]} 23. Re2 {[%clk 0:48:45]} cxd4 {[%clk 0:23:53]} 24. Rxd4
{[%clk 0:49:02]} Re5 {[%clk 0:24:00]} 25. Qc2 {[%clk 0:46:28]} Qe6
{[%clk 0:20:32]} 26. h3 {[%clk 0:45:46]} Nh5 {[%clk 0:17:40]} 27. Qa4
{[%clk 0:45:30]} Re7 {[%clk 0:12:19]} 28. Re1 {[%clk 0:42:05]} Ng3
{[%clk 0:11:53]} 29. Qd1 {[%clk 0:41:05]} Nf5 {[%clk 0:06:04]} 30. Rxd5
{[%clk 0:40:40]} Rxd5 {[%clk 0:04:37]} 31. Qxd5 {[%clk 0:40:39]} Ne5
{[%clk 0:03:20]} 32. e4 {[%clk 0:38:31]} Ng3 {[%clk 0:03:26]} 33. Qxe6
{[%clk 0:31:04]} Rxe6 {[%clk 0:03:49]} 34. Rd1 {[%clk 0:31:28]} Nc4
{[%clk 0:03:42]} 35. Rd8+ {[%clk 0:30:24]} Kh7 {[%clk 0:04:09]} 36. Rd7
{[%clk 0:30:37]} Nxb2 {[%clk 0:03:27]} 37. Bxg3 {[%clk 0:27:57]} hxg3
{[%clk 0:03:27]} 38. Ne2 {[%clk 0:28:22]} a5 {[%clk 0:01:28]} 39. Rxf7
{[%clk 0:28:42]} Nc4 {[%clk 0:01:25]} 40. Nxg3 {[%clk 0:58:56]} Nxa3
{[%clk 0:31:28]} 41. Nf5 {[%clk 0:59:15]} b5 {[%clk 0:31:08]} 42. Rxg7+
{[%clk 0:57:08]} Kh8 {[%clk 0:31:34]} 43. g4 {[%clk 0:56:06]} Nc4
{[%clk 0:31:42]} 44. Rb7 {[%clk 0:55:57]} Rb6 {[%clk 0:30:54]} 45. Rxb6
{[%clk 0:44:24]} Nxb6 {[%clk 0:31:21]} 46. Kf2 {[%clk 0:44:32]} Nc4
{[%clk 0:29:36]} 47. Ne3 {[%clk 0:43:58]} a4 {[%clk 0:29:40]} 48. Nc2
{[%clk 0:43:31]} a3 {[%clk 0:29:34]} 49. Ke2 {[%clk 0:43:39]} a2 {[%clk 0:28:53]}
50. f4 {[%clk 0:42:49]} b4 {[%clk 0:26:19]} 51. Na1 {[%clk 0:43:11]} Na5
{[%clk 0:19:55]} 52. Kd3 {[%clk 0:43:28]} Kg7 {[%clk 0:18:55]} 53. e5
{[%clk 0:43:51]} Kf7 {[%clk 0:18:52]} 54. f5 {[%clk 0:44:11]} Ke7
{[%clk 0:18:20]} 55. e6 {[%clk 0:44:28]} Kd6 {[%clk 0:17:34]} 56. Kd4
{[%clk 0:41:45]} Ke7 {[%clk 0:16:50]} 57. g5 {[%clk 0:39:40]} b3 {[%clk 0:11:11]}
58. Kc3 {[%clk 0:40:02]} b2 {[%clk 0:10:35]} 59. Kxb2 {[%clk 0:40:26]} Nc4+
{[%clk 0:10:57]} 60. Kxa2 {[%clk 0:40:14]} Nd6 {[%clk 0:10:43]} 61. f6+
{[%clk 0:40:32]} Kxe6 {[%clk 0:11:07]} 62. Nc2 {[%clk 0:40:10]} Kf5
{[%clk 0:09:59]} 63. h4 {[%clk 0:40:29]} 1-0

[Event "World Team Chess Championship"]
[Site "Khanty-Mansiysk, RUS."]
[Date "2017.06.18"]
[Round "2.4"]
[White "Kravtsiv Martyn (UKR)"]
[Black "Fedorov Alexei (BLR)"]
[Result "1/2-1/2"]
[BlackElo "2598"]
[WhiteElo "2653"]
[LiveChessVersion "1.4.8"]

1. e4 {[%clk 1:30:54]} c5 {[%clk 1:30:54]} 2. Nf3 {[%clk 1:31:18]} Nc6
{[%clk 1:31:15]} 3. d4 {[%clk 1:31:37]} cxd4 {[%clk 1:31:40]} 4. Nxd4
{[%clk 1:32:02]} e5 {[%clk 1:31:51]} 5. Nb5 {[%clk 1:32:09]} d6 {[%clk 1:31:51]}
6. N1c3 {[%clk 1:31:52]} a6 {[%clk 1:32:05]} 7. Na3 {[%clk 1:32:15]} Be7
{[%clk 1:32:05]} 8. Be3 {[%clk 1:31:43]} Nf6 {[%clk 1:18:46]} 9. Nc4
{[%clk 1:30:07]} b5 {[%clk 1:19:10]} 10. Nb6 {[%clk 1:30:12]} Rb8
{[%clk 1:19:36]} 11. Nxc8 {[%clk 1:30:35]} Qxc8 {[%clk 1:20:02]} 12. Be2
{[%clk 1:26:23]} O-O {[%clk 1:18:40]} 13. O-O {[%clk 1:25:48]} Rd8
{[%clk 1:16:03]} 14. a4 {[%clk 1:13:07]} d5 {[%clk 0:48:18]} 15. Nxd5
{[%clk 1:00:17]} Nxd5 {[%clk 0:47:14]} 16. exd5 {[%clk 1:00:39]} Nb4
{[%clk 0:47:36]} 17. axb5 {[%clk 0:59:31]} Nxd5 {[%clk 0:44:31]} 18. Qc1
{[%clk 0:39:51]} axb5 {[%clk 0:41:12]} 19. Rd1 {[%clk 0:34:29]} Nxe3
{[%clk 0:37:40]} 20. Qxe3 {[%clk 0:33:42]} Qxc2 {[%clk 0:36:28]} 21. Qxe5
{[%clk 0:33:40]} Bf6 {[%clk 0:36:18]} 22. Rxd8+ {[%clk 0:34:05]} 1/2-1/2

[Event "World Team Chess Championship"]
[Site "Khanty-Mansiysk, RUS."]
[Date "2017.06.18"]
[Round "2.8"]
[White "Sanal Vahap (TUR)"]
[Black "Fedoseev Vladimir (RUS)"]
[Result "1/2-1/2"]
[BlackElo "2690"]
[WhiteElo "2533"]
[LiveChessVersion "1.4.8"]

1. e4 {[%clk 1:30:55]} e5 {[%clk 1:30:50]} 2. Nf3 {[%clk 1:31:12]} Nc6
{[%clk 1:31:00]} 3. Bb5 {[%clk 1:31:10]} Nf6 {[%clk 1:31:20]} 4. d3
{[%clk 1:29:13]} Bc5 {[%clk 1:31:40]} 5. Bxc6 {[%clk 1:29:00]} dxc6
{[%clk 1:31:58]} 6. b3 {[%clk 1:29:03]} O-O {[%clk 1:29:26]} 7. Bb2
{[%clk 1:29:16]} Re8 {[%clk 1:29:12]} 8. O-O {[%clk 1:28:17]} Nd7
{[%clk 1:29:21]} 9. Nbd2 {[%clk 1:28:31]} f6 {[%clk 1:29:39]} 10. Nc4
{[%clk 1:25:47]} Nf8 {[%clk 1:29:59]} 11. h3 {[%clk 1:20:56]} a5 {[%clk 1:26:28]}
12. a4 {[%clk 1:18:45]} Be6 {[%clk 1:26:44]} 13. Ne3 {[%clk 1:18:26]} Qd7
{[%clk 1:18:41]} 14. Ba3 {[%clk 1:02:04]} Bxa3 {[%clk 1:16:31]} 15. Rxa3
{[%clk 1:02:25]} Ng6 {[%clk 1:16:55]} 16. Ra1 {[%clk 1:01:31]} c5
{[%clk 1:15:51]} 17. Nd2 {[%clk 0:59:57]} Kh8 {[%clk 1:11:16]} 18. Kh2
{[%clk 0:55:55]} Nf4 {[%clk 1:05:56]} 19. h4 {[%clk 0:50:56]} Bf7
{[%clk 0:57:47]} 20. Qg4 {[%clk 0:50:00]} Re6 {[%clk 0:57:07]} 21. Qf3
{[%clk 0:45:52]} Rg8 {[%clk 0:47:59]} 22. g3 {[%clk 0:40:29]} Bh5
{[%clk 0:48:23]} 23. Qh1 {[%clk 0:36:22]} Ne2 {[%clk 0:47:01]} 24. Qg2
{[%clk 0:35:51]} Nd4 {[%clk 0:44:04]} 25. f3 {[%clk 0:34:15]} Ra6
{[%clk 0:43:40]} 26. Qh3 {[%clk 0:33:59]} Qd8 {[%clk 0:43:37]} 27. Rf2
{[%clk 0:34:02]} Bf7 {[%clk 0:41:37]} 28. f4 {[%clk 0:32:08]} exf4
{[%clk 0:41:40]} 29. gxf4 {[%clk 0:32:28]} f5 {[%clk 0:41:09]} 30. Rg1
{[%clk 0:22:30]} Be6 {[%clk 0:32:47]} 31. exf5 {[%clk 0:15:02]} Bc8
{[%clk 0:33:01]} 32. Ne4 {[%clk 0:15:22]} Qf8 {[%clk 0:33:19]} 33. Rg5
{[%clk 0:11:30]} g6 {[%clk 0:27:11]} 34. h5 {[%clk 0:10:25]} gxf5
{[%clk 0:27:29]} 35. Rxg8+ {[%clk 0:09:09]} Qxg8 {[%clk 0:27:47]} 36. Rg2
{[%clk 0:05:13]} Qe8 {[%clk 0:27:57]} 37. Nd2 {[%clk 0:00:37]} Rh6
{[%clk 0:28:00]} 38. Kg1 {[%clk 0:01:00]} Rxh5 {[%clk 0:21:24]} 39. Qg3
{[%clk 0:01:24]} Qg6 {[%clk 0:21:44]} 40. Qxg6 {[%clk 0:30:55]} hxg6
{[%clk 0:52:10]} 41. Nd5 {[%clk 0:25:53]} Kg7 {[%clk 0:41:54]} 42. Nc4
{[%clk 0:24:39]} b6 {[%clk 0:36:17]} 43. Ne5 {[%clk 0:22:33]} Rh6
{[%clk 0:36:28]} 44. Nxc7 {[%clk 0:04:37]} Bb7 {[%clk 0:36:33]} 45. Rh2
{[%clk 0:04:27]} Rxh2 {[%clk 0:33:47]} 46. Kxh2 {[%clk 0:04:53]} Nxc2
{[%clk 0:27:54]} 47. Ne8+ {[%clk 0:05:16]} Kh6 {[%clk 0:26:44]} 48. Nd6
{[%clk 0:05:42]} Bd5 {[%clk 0:26:44]} 49. Nc8 {[%clk 0:03:31]} Bxb3
{[%clk 0:23:21]} 50. Nxb6 {[%clk 0:03:57]} Nd4 {[%clk 0:22:59]} 51. Kg3
{[%clk 0:03:05]} g5 {[%clk 0:21:47]} 52. fxg5+ {[%clk 0:03:24]} Kxg5
{[%clk 0:22:11]} 53. Kf2 {[%clk 0:03:30]} f4 {[%clk 0:22:04]} 54. Ned7
{[%clk 0:03:20]} Ne6 {[%clk 0:22:17]} 55. Ne5 {[%clk 0:03:36]} Nd8
{[%clk 0:18:46]} 56. Nec4 {[%clk 0:01:50]} Bxc4 57. Nxc4 {[%clk 0:02:18]} Nb7
{[%clk 0:18:00]} 58. Nd2 {[%clk 0:02:07]} Kf5 {[%clk 0:15:28]} 59. Nb3
{[%clk 0:02:35]} Kg4 {[%clk 0:15:49]} 60. Kg2 {[%clk 0:02:47]} Kf5
{[%clk 0:10:32]} 61. Kf3 {[%clk 0:03:11]} Ke5 {[%clk 0:10:42]} 62. Kg4
{[%clk 0:02:59]} c4 {[%clk 0:09:55]} 63. dxc4 {[%clk 0:03:17]} Ke4
{[%clk 0:10:19]} 64. c5 {[%clk 0:03:09]} Ke3 {[%clk 0:10:08]} 65. c6
{[%clk 0:03:12]} Nd6 {[%clk 0:10:32]} 66. c7 {[%clk 0:01:42]} f3 {[%clk 0:10:41]}
67. Nxa5 {[%clk 0:01:45]} f2 {[%clk 0:10:34]} 68. Nc4+ {[%clk 0:01:50]} Nxc4
{[%clk 0:10:51]} 69. c8=Q {[%clk 0:02:13]} f1=Q {[%clk 0:11:14]} 70. Qc5+
{[%clk 0:02:16]} Ke4 {[%clk 0:11:02]} 71. Qc6+ {[%clk 0:02:18]} Kd4
{[%clk 0:11:19]} 72. Qd7+ {[%clk 0:02:30]} Kc3 {[%clk 0:11:43]} 73. Qg7+
{[%clk 0:02:33]} Kc2 {[%clk 0:12:04]} 74. Qh7+ {[%clk 0:02:36]} Kd2
{[%clk 0:12:26]} 75. Qh2+ {[%clk 0:02:39]} Kd3 {[%clk 0:12:49]} 76. Qh7+
{[%clk 0:02:51]} Kd2 {[%clk 0:13:01]} 77. Qh2+ {[%clk 0:03:13]} Kd1
{[%clk 0:13:15]} 78. Kg5 {[%clk 0:02:58]} Nd2 {[%clk 0:13:27]} 79. Qf4
{[%clk 0:02:58]} Nf3+ {[%clk 0:12:43]} 80. Kf6 {[%clk 0:03:20]} Qa6+
{[%clk 0:12:54]} 81. Ke7 {[%clk 0:03:28]} Qb7+ {[%clk 0:13:16]} 82. Ke6
{[%clk 0:03:52]} Ke2 {[%clk 0:13:19]} 83. Qc4+ {[%clk 0:04:16]} Ke3
{[%clk 0:12:57]} 84. Qc1+ {[%clk 0:04:05]} Ke4 {[%clk 0:12:01]} 85. Qc2+
{[%clk 0:04:28]} Kf4 {[%clk 0:12:24]} 86. Qc4+ {[%clk 0:04:44]} Kg3
{[%clk 0:12:46]} 87. a5 {[%clk 0:04:30]} Qa8 {[%clk 0:12:46]} 88. Qc7+
{[%clk 0:04:56]} Kg4 {[%clk 0:12:59]} 89. Qc4+ {[%clk 0:05:20]} Kh3
{[%clk 0:12:59]} 90. Qd5 {[%clk 0:04:09]} Qg8+ {[%clk 0:12:59]} 91. Kd6
{[%clk 0:04:34]} Qd8+ {[%clk 0:11:48]} 92. Kc6 {[%clk 0:04:50]} Qa8+
{[%clk 0:12:00]} 93. Kd6 {[%clk 0:05:18]} 1/2-1/2

[Event "World Team Chess Championship"]
[Site "Khanty-Mansiysk, RUS."]
[Date "2017.06.18"]
[Round "2.9"]
[White "Tari Aryan (NOR)"]
[Black "Hesham Abdelrahman (EGY)"]
[Result "1/2-1/2"]
[BlackElo "2372"]
[WhiteElo "2593"]
[LiveChessVersion "1.4.8"]

1. c4 {[%clk 1:30:54]} Nf6 {[%clk 1:30:41]} 2. d4 {[%clk 1:31:03]} g6
{[%clk 1:31:06]} 3. Nc3 {[%clk 1:31:17]} Bg7 {[%clk 1:31:30]} 4. e4
{[%clk 1:31:29]} d6 {[%clk 1:31:54]} 5. h3 {[%clk 1:31:40]} O-O {[%clk 1:30:19]}
6. Be3 {[%clk 1:31:37]} c6 {[%clk 1:20:12]} 7. Nf3 {[%clk 1:30:03]} Na6
{[%clk 1:18:41]} 8. Be2 {[%clk 1:25:59]} b5 {[%clk 1:18:02]} 9. cxb5
{[%clk 1:16:50]} cxb5 {[%clk 1:18:19]} 10. Bxb5 {[%clk 1:16:22]} Rb8
{[%clk 1:16:06]} 11. Nd2 {[%clk 1:12:17]} Nc7 {[%clk 0:47:14]} 12. Bd3
{[%clk 1:10:52]} d5 {[%clk 0:45:10]} 13. e5 {[%clk 1:09:52]} Nd7 {[%clk 0:45:34]}
14. Nb3 {[%clk 1:06:41]} f6 {[%clk 0:45:56]} 15. exf6 {[%clk 1:04:54]} Nxf6
{[%clk 0:45:43]} 16. O-O {[%clk 1:03:53]} Nh5 {[%clk 0:45:55]} 17. Re1
{[%clk 1:00:30]} Nf4 {[%clk 0:44:29]} 18. Bf1 {[%clk 0:58:47]} g5
{[%clk 0:40:26]} 19. Qd2 {[%clk 0:56:46]} Rb6 {[%clk 0:40:23]} 20. Ne2
{[%clk 0:50:55]} Rbf6 {[%clk 0:34:29]} 21. Rac1 {[%clk 0:46:01]} Ne8
{[%clk 0:25:41]} 22. Qa5 {[%clk 0:37:58]} Rb6 {[%clk 0:22:53]} 23. Nxf4
{[%clk 0:30:54]} gxf4 {[%clk 0:23:09]} 24. Bd2 {[%clk 0:31:17]} Qd7
{[%clk 0:11:34]} 25. Qc5 {[%clk 0:29:47]} Nd6 {[%clk 0:10:33]} 26. Qxd5+
{[%clk 0:29:59]} Kh8 {[%clk 0:10:59]} 27. Nc5 {[%clk 0:29:52]} Qf5
{[%clk 0:10:53]} 28. Qxf5 {[%clk 0:28:18]} Nxf5 {[%clk 0:11:17]} 29. Bc3
{[%clk 0:22:59]} Rg6 {[%clk 0:09:41]} 30. Kh2 {[%clk 0:18:47]} Rg8
{[%clk 0:03:14]} 31. d5 {[%clk 0:16:06]} Bf6 {[%clk 0:00:35]} 32. Bxf6+
{[%clk 0:15:37]} Rxf6 {[%clk 0:01:00]} 33. Nd3 {[%clk 0:13:16]} Nh4
{[%clk 0:01:01]} 34. Rc6 {[%clk 0:10:33]} Rf7 {[%clk 0:00:34]} 35. Re4
{[%clk 0:08:20]} Bb7 {[%clk 0:00:39]} 36. Rc7 {[%clk 0:07:35]} Bxd5
{[%clk 0:00:40]} 37. Rxf4 {[%clk 0:07:52]} Rfg7 {[%clk 0:00:37]} 38. g4
{[%clk 0:04:21]} Nf3+ {[%clk 0:00:54]} 39. Kg3 {[%clk 0:04:02]} e5
{[%clk 0:00:31]} 40. Rxg7 {[%clk 0:31:09]} exf4+ {[%clk 0:30:57]} 41. Nxf4
{[%clk 0:31:35]} Rxg7 {[%clk 0:29:37]} 42. Nxd5 {[%clk 0:31:50]} Nd2
{[%clk 0:26:49]} 43. Bg2 {[%clk 0:28:29]} a5 {[%clk 0:26:03]} 44. b3
{[%clk 0:17:34]} Rb7 {[%clk 0:22:41]} 45. Ne3 {[%clk 0:16:44]} Rb8
{[%clk 0:20:59]} 46. Bd5 {[%clk 0:16:01]} Nb1 {[%clk 0:20:01]} 47. Bc4
{[%clk 0:08:07]} Nc3 {[%clk 0:19:03]} 48. a4 {[%clk 0:05:14]} Ne4+
{[%clk 0:18:51]} 49. Kf4 {[%clk 0:03:27]} Nc5 {[%clk 0:16:01]} 50. Ke5
{[%clk 0:02:56]} Nxb3 {[%clk 0:16:09]} 51. Bb5 {[%clk 0:03:12]} Nd2
{[%clk 0:11:01]} 52. f4 {[%clk 0:03:04]} Rd8 {[%clk 0:09:24]} 53. f5
{[%clk 0:02:26]} Nf3+ {[%clk 0:08:38]} 54. Ke6 {[%clk 0:02:18]} Ng5+
{[%clk 0:08:43]} 55. Ke7 {[%clk 0:02:08]} Rd4 {[%clk 0:09:09]} 56. Bc6
{[%clk 0:01:25]} Nxh3 {[%clk 0:07:59]} 57. f6 {[%clk 0:01:51]} Nf4
{[%clk 0:07:07]} 58. f7 {[%clk 0:01:59]} Ng6+ {[%clk 0:07:33]} 59. Ke8
{[%clk 0:02:02]} Rd6 {[%clk 0:07:08]} 60. Bd7 {[%clk 0:02:04]} Rf6
{[%clk 0:06:37]} 61. Nf5 {[%clk 0:00:47]} Ne5 {[%clk 0:06:32]} 62. Nh6
{[%clk 0:00:32]} Kg7 {[%clk 0:04:12]} 63. Nf5+ {[%clk 0:00:44]} Kh8
{[%clk 0:03:20]} 64. f8=Q+ {[%clk 0:00:41]} Rxf8+ {[%clk 0:03:45]} 65. Kxf8
{[%clk 0:01:09]} Nxd7+ {[%clk 0:04:11]} 66. Ke7 {[%clk 0:01:17]} Nc5
{[%clk 0:03:56]} 67. Kf8 {[%clk 0:00:57]} Nd7+ {[%clk 0:04:21]} 68. Ke7
{[%clk 0:01:14]} Nc5 {[%clk 0:04:48]} 69. Kf8 {[%clk 0:00:40]} 1/2-1/2

[Event "World Team Chess Championship"]
[Site "Khanty-Mansiysk, RUS."]
[Date "2017.06.18"]
[Round "2.15"]
[White "Piorun Kacper (POL)"]
[Black "Robson Ray (USA)"]
[Result "1/2-1/2"]
[BlackElo "2656"]
[WhiteElo "2631"]
[LiveChessVersion "1.4.8"]

1. e4 {[%clk 1:30:56]} c5 {[%clk 1:30:42]} 2. c3 {[%clk 1:31:01]} Nf6
{[%clk 1:28:42]} 3. e5 {[%clk 1:30:35]} Nd5 {[%clk 1:28:54]} 4. Nf3
{[%clk 1:30:57]} Nc6 {[%clk 1:28:33]} 5. Bc4 {[%clk 1:31:17]} Nb6
{[%clk 1:28:18]} 6. Bb3 {[%clk 1:31:42]} d5 {[%clk 1:24:01]} 7. exd6
{[%clk 1:32:06]} Qxd6 {[%clk 1:22:01]} 8. O-O {[%clk 1:32:20]} Bf5
{[%clk 1:15:29]} 9. d4 {[%clk 1:31:43]} cxd4 {[%clk 1:11:23]} 10. Nxd4
{[%clk 1:31:48]} Nxd4 {[%clk 1:11:01]} 11. cxd4 {[%clk 1:32:11]} e6
{[%clk 0:55:17]} 12. Nc3 {[%clk 1:31:11]} Be7 {[%clk 0:52:10]} 13. Qf3
{[%clk 1:30:00]} Qd7 {[%clk 0:45:41]} 14. a4 {[%clk 1:24:47]} O-O
{[%clk 0:38:24]} 15. a5 {[%clk 1:22:14]} Nc8 {[%clk 0:38:02]} 16. Ba4
{[%clk 1:02:54]} Qc7 {[%clk 0:37:31]} 17. a6 {[%clk 0:57:16]} Rb8
{[%clk 0:31:32]} 18. Bf4 {[%clk 0:51:11]} Nd6 {[%clk 0:30:42]} 19. Nb5
{[%clk 0:49:29]} Qb6 {[%clk 0:30:28]} 20. Nxd6 {[%clk 0:42:02]} Bxd6
{[%clk 0:30:46]} 21. Bxd6 {[%clk 0:42:29]} Qxd6 {[%clk 0:31:06]} 22. axb7
{[%clk 0:42:55]} Qb6 {[%clk 0:29:33]} 23. Bc6 {[%clk 0:42:28]} Bg4
{[%clk 0:29:41]} 24. Qxg4 {[%clk 0:23:13]} Qxc6 {[%clk 0:29:59]} 25. Rxa7
{[%clk 0:23:39]} Rxb7 {[%clk 0:30:09]} 26. Rxb7 {[%clk 0:24:00]} Qxb7
{[%clk 0:30:33]} 27. Qe2 {[%clk 0:24:12]} Rd8 {[%clk 0:26:10]} 28. Rd1
{[%clk 0:24:12]} Qd5 {[%clk 0:23:36]} 29. Rb1 {[%clk 0:19:27]} Qb3
{[%clk 0:16:32]} 30. Qe3 {[%clk 0:14:39]} Qb4 {[%clk 0:13:15]} 31. Qc3
{[%clk 0:10:47]} Rxd4 {[%clk 0:12:00]} 32. Qc8+ {[%clk 0:09:06]} 1/2-1/2

[Event "World Team Chess Championship"]
[Site "Khanty-Mansiysk, RUS."]
[Date "2017.06.18"]
[Round "2.20"]
[White "Negi Parimarjan (IND)"]
[Black "Li Chao B (CHN)"]
[Result "1/2-1/2"]
[BlackElo "2720"]
[WhiteElo "2670"]
[LiveChessVersion "1.4.8"]

1. e4 {[%clk 1:30:40]} e5 {[%clk 1:30:50]} 2. Nf3 {[%clk 1:30:51]} Nf6
{[%clk 1:31:13]} 3. Nxe5 {[%clk 1:30:03]} d6 {[%clk 1:31:37]} 4. Nf3
{[%clk 1:30:26]} Nxe4 {[%clk 1:32:01]} 5. d4 {[%clk 1:30:37]} d5 {[%clk 1:32:14]}
6. Bd3 {[%clk 1:30:44]} Nc6 {[%clk 1:32:05]} 7. O-O {[%clk 1:30:33]} Be7
{[%clk 1:32:28]} 8. Nbd2 {[%clk 1:30:30]} Nd6 {[%clk 1:32:44]} 9. c3
{[%clk 1:26:06]} Bf5 {[%clk 1:33:02]} 10. Bxf5 {[%clk 1:26:10]} Nxf5
{[%clk 1:33:25]} 11. Qb3 {[%clk 1:24:05]} b6 {[%clk 1:33:21]} 12. Re1
{[%clk 1:23:34]} Qd7 {[%clk 1:29:09]} 13. Nf1 {[%clk 1:22:22]} f6
{[%clk 1:28:35]} 14. Qc2 {[%clk 1:13:56]} O-O {[%clk 1:23:36]} 15. Be3
{[%clk 1:02:47]} Bd6 {[%clk 1:20:01]} 16. Re2 {[%clk 1:02:50]} Rae8
{[%clk 1:12:56]} 17. Rae1 {[%clk 1:03:05]} Nd8 {[%clk 1:07:48]} 18. Bc1
{[%clk 0:52:50]} Rxe2 {[%clk 1:07:59]} 19. Qxe2 {[%clk 0:50:12]} c6
{[%clk 1:06:00]} 20. h4 {[%clk 0:45:38]} g6 {[%clk 1:03:16]} 21. h5
{[%clk 0:41:27]} gxh5 {[%clk 0:59:57]} 22. Ne3 {[%clk 0:26:59]} Re8
{[%clk 0:42:34]} 23. Nxd5 {[%clk 0:19:04]} Rxe2 {[%clk 0:39:55]} 24. Nxf6+
{[%clk 0:19:32]} Kf7 {[%clk 0:40:14]} 25. Nxd7 {[%clk 0:19:55]} Rxe1+
{[%clk 0:40:36]} 26. Nxe1 {[%clk 0:20:21]} Ke6 {[%clk 0:40:55]} 27. Ne5
{[%clk 0:20:34]} Bxe5 {[%clk 0:41:10]} 28. dxe5 {[%clk 0:21:02]} Kxe5
{[%clk 0:41:37]} 29. Nf3+ {[%clk 0:17:50]} Ke4 {[%clk 0:40:32]} 30. Kf1
{[%clk 0:18:01]} Ne6 {[%clk 0:33:51]} 31. Ke2 {[%clk 0:17:47]} b5
{[%clk 0:33:45]} 32. g3 {[%clk 0:15:50]} c5 {[%clk 0:32:08]} 33. Bg5
{[%clk 0:13:33]} c4 {[%clk 0:27:20]} 34. Bf6 {[%clk 0:13:32]} a5 {[%clk 0:27:09]}
35. Ng5+ {[%clk 0:05:28]} Nxg5 {[%clk 0:27:15]} 36. Bxg5 {[%clk 0:05:56]} a4
{[%clk 0:18:16]} 37. Bf6 {[%clk 0:06:17]} Nd6 {[%clk 0:15:43]} 38. Bd4
{[%clk 0:05:12]} Kd5 {[%clk 0:10:52]} 39. a3 {[%clk 0:03:48]} Nf5
{[%clk 0:08:30]} 40. Bf6 {[%clk 0:32:52]} Ke4 {[%clk 0:38:44]} 41. Bg5
{[%clk 0:29:51]} Ng7 {[%clk 0:33:51]} 42. Be7 {[%clk 0:28:26]} Ne6
{[%clk 0:30:22]} 43. f3+ {[%clk 0:24:58]} Kf5 {[%clk 0:29:30]} 44. Ke3
{[%clk 0:22:41]} Ke5 {[%clk 0:29:51]} 45. Bb4 {[%clk 0:20:18]} Ng7
{[%clk 0:28:14]} 46. Bc5 {[%clk 0:16:01]} Kd5 {[%clk 0:24:56]} 47. Bf8
{[%clk 0:12:59]} Ne6 {[%clk 0:24:30]} 48. Be7 {[%clk 0:12:26]} Ke5
{[%clk 0:23:56]} 49. g4 {[%clk 0:11:50]} Nc7 {[%clk 0:17:21]} 50. f4+
{[%clk 0:11:39]} Ke6 {[%clk 0:17:50]} 51. Bd8 {[%clk 0:11:19]} Nd5+
{[%clk 0:18:11]} 52. Ke4 {[%clk 0:10:49]} hxg4 {[%clk 0:17:29]} 53. f5+
{[%clk 0:11:18]} Kd7 {[%clk 0:17:52]} 54. Bh4 {[%clk 0:11:35]} Ne7
{[%clk 0:16:51]} 55. Kf4 {[%clk 0:07:06]} h5 {[%clk 0:11:54]} 56. Kg5
{[%clk 0:07:31]} Ke8 {[%clk 0:11:47]} 57. f6 {[%clk 0:06:59]} Nd5
{[%clk 0:11:31]} 58. Kxh5 {[%clk 0:04:02]} g3 {[%clk 0:09:23]} 59. Kg6
{[%clk 0:01:40]} g2 {[%clk 0:00:58]} 60. f7+ {[%clk 0:00:50]} Kf8
{[%clk 0:01:23]} 61. Bf2 {[%clk 0:01:18]} Nf4+ {[%clk 0:01:08]} 62. Kf6
{[%clk 0:01:45]} Nd5+ {[%clk 0:00:51]} 63. Ke5 {[%clk 0:01:52]} Nc7
{[%clk 0:01:09]} 64. Kd6 {[%clk 0:01:47]} Na6 {[%clk 0:01:17]} 65. Ke6
{[%clk 0:00:49]} Nc7+ {[%clk 0:01:44]} 66. Kd6 {[%clk 0:00:54]} Na6
{[%clk 0:02:11]} 67. Kc6 {[%clk 0:00:45]} b4 {[%clk 0:02:37]} 68. Kb5
{[%clk 0:00:35]} bxa3 {[%clk 0:02:57]} 69. bxa3 {[%clk 0:01:03]} Nc7+
{[%clk 0:02:53]} 70. Kxc4 {[%clk 0:01:09]} Kxf7 {[%clk 0:03:16]} 71. Kc5
{[%clk 0:01:03]} Ke6 {[%clk 0:03:13]} 72. c4 {[%clk 0:01:21]} Kd7
{[%clk 0:03:24]} 73. Kb4 {[%clk 0:01:02]} Kc6 {[%clk 0:03:42]} 74. Kxa4
{[%clk 0:01:26]} Ne6 {[%clk 0:03:29]} 1/2-1/2

[Event "World Team Chess Championship"]
[Site "Khanty-Mansiysk, RUS."]
[Date "2017.06.19"]
[Round "3.2"]
[White "Kovalev Vladislav (BLR)"]
[Black "Adhiban B. (IND)"]
[Result "0-1"]
[BlackElo "2670"]
[WhiteElo "2641"]
[LiveChessVersion "1.4.8"]

1. e4 {[%clk 1:30:35]} c5 {[%clk 1:30:55]} 2. Nf3 {[%clk 1:30:53]} d6
{[%clk 1:31:20]} 3. Bb5+ {[%clk 1:30:14]} Nd7 {[%clk 1:31:46]} 4. O-O
{[%clk 1:30:39]} Ngf6 {[%clk 1:32:13]} 5. Re1 {[%clk 1:29:25]} a6
{[%clk 1:32:38]} 6. Bf1 {[%clk 1:27:03]} b6 {[%clk 1:33:02]} 7. d4
{[%clk 1:17:39]} cxd4 {[%clk 1:33:27]} 8. Nxd4 {[%clk 1:18:06]} Bb7
{[%clk 1:33:53]} 9. f3 {[%clk 1:17:39]} e6 {[%clk 1:34:10]} 10. c4
{[%clk 1:17:50]} Be7 {[%clk 1:34:34]} 11. Nc3 {[%clk 1:17:50]} O-O
{[%clk 1:34:57]} 12. Be3 {[%clk 1:16:31]} Rc8 {[%clk 1:32:10]} 13. Rc1
{[%clk 1:13:54]} Qc7 {[%clk 1:22:38]} 14. Qd2 {[%clk 1:13:01]} Qb8
{[%clk 1:23:02]} 15. b4 {[%clk 1:04:13]} Bd8 {[%clk 1:11:33]} 16. Kh1
{[%clk 1:00:18]} Bc7 {[%clk 1:11:35]} 17. Na4 {[%clk 0:51:03]} Ba8
{[%clk 0:50:38]} 18. Rc2 {[%clk 0:49:57]} d5 {[%clk 0:31:17]} 19. cxd5
{[%clk 0:48:22]} exd5 {[%clk 0:29:50]} 20. Bxa6 {[%clk 0:42:11]} Rce8
{[%clk 0:29:48]} 21. Bb5 {[%clk 0:25:33]} dxe4 {[%clk 0:26:45]} 22. f4
{[%clk 0:25:53]} Rd8 {[%clk 0:26:58]} 23. Bc6 {[%clk 0:21:26]} Ng4
{[%clk 0:21:23]} 24. g3 {[%clk 0:13:01]} Ndf6 {[%clk 0:19:23]} 25. Bxa8
{[%clk 0:12:48]} Qxa8 {[%clk 0:19:34]} 26. Rxc7 {[%clk 0:13:25]} Qxa4
{[%clk 0:18:51]} 27. Rcc1 {[%clk 0:10:01]} Nxe3 {[%clk 0:15:50]} 28. Rxe3
{[%clk 0:10:27]} Ng4 {[%clk 0:15:56]} 29. Re2 {[%clk 0:10:57]} Qa3
{[%clk 0:12:49]} 30. h3 {[%clk 0:02:58]} Rxd4 {[%clk 0:12:27]} 0-1